000 00612nam a2200241 i 4500
001 C2-0254358
003 PPAK
005 20180727222024.0
008 040429s ua |||| ||||| | ara d
040 _aPPAK
_beng
_cPPAK
_erda
082 0 4 _a297.1227
_223
090 0 0 _a297.1227
_bMUH
_dR
100 0 _aMuhammad Ali Assobuni,
_eauthor
245 1 0 _aSofwatuttafaruh
264 1 _aKaherah :
_bDarul Sobuni ,
300 _a1 Jilid
336 _2rdacontent
_atext
337 _2rdamedia
_aunmediated
338 _2rdacarrier
_avolume
500 _aJilid 3
650 1 0 _aKoran - Hermeneutics.
942 _ddc
_cB
999 _c67099
_d67099